Normal view MARC view

Entry Meeting Name

Number of records used in: 1

001 - CONTROL NUMBER

  • control field: 45274

003 - CONTROL NUMBER IDENTIFIER

  • control field:

005 - DATE AND TIME OF LATEST TRANSACTION

  • control field: 20210601181326.0

008 - FIXED-LENGTH DATA ELEMENTS

  • fixed length control field: 210601|| aca||aabn | a|a d

040 ## - CATALOGING SOURCE

  • Original cataloging agency:
  • Transcribing agency:

111 ## - HEADING--MEETING NAME

  • Meeting name or jurisdiction name as entry element: All India Kisan Sabha
  • Number of part/section/meeting: (25 th Golden Jubilee :
  • Date of meeting or treaty signing: 1986 May 17-19 :
  • Location of meeting: Patna)

670 ## - SOURCE DATA FOUND

  • Source citation: Work cat.: (): All India Kisan Sabha (25 th Golden Jubilee : 1986 May 17-19 : Patna), General secretary's report, 1986
                                                                           
web counter

Copyright ©2020 The National Library of India, Govt. of India ↔ Hosted by NVLI, MOC ↔ Technology and Design by National Library of India, Ministry of Culture, Govt. of India